Jewish Cities in Europe in 1800 with a Map - Statistics

General Stats
  • This quiz has been taken 1,867 times
  • The average score is 19 of 50
Answers on the Map
Answers color-coded by a green-red scale on the quiz's map according to % correct below.
 
Answer Stats
# of Jews City % Correct
10,677 London
99%
23,217 Amsterdam
98%
4,700 Rome
96%
12,492 Constantinople
93%
9,228 Warsaw
92%
3,037 Berlin
90%
7,850 Prague
90%
5,569 Hamburg
89%
3,159 Buda / Pest
84%
2,999 Sofia
82%
2,783 Kraków
81%
28,443 Salonica
79%
2,712 Turin
78%
2,942 Frankfurt am Main
72%
6,971 Vilnius
72%
3,448 Minsk
70%
18,302 Lemberg
67%
2,821 Breslau
56%
3,000 Skopje
56%
3,696 Poznań
46%
5,142 Adrianople
40%
3,346 Lublin
35%
4,864 Brest
32%
18,422 Iaşi
29%
4,000 Białystok
27%
2,810 Modena
27%
2,850 Ancona
25%
2,928 Gomel
24%
4,697 Livorno
24%
5,017 Grodno
18%
4,049 Bar
14%
3,622 Pinsk
10%
3,375 Rzeszów
10%
4,430 Leszno
5%
11,644 Brody
3%
2,743 Slutsk
3%
3,119 Berdychiv
2%
3,135 Dubno
2%
2,889 Jēkabpils
2%
3,086 Mikulov
2%
2,801 Płońsk
2%
3,634 Balta
1%
4,076 Bauska
1%
3,000 Dorohoi
1%
2,868 Pińczów
1%
4,417 Vilkaviškis
1%
4,299 Horodenka
0%
4,111 Iziaslav
0%
2,712 Sharhorod
0%
3,108 Shklow
0%
No matching quizzes found
Score Distribution
Percent of People with Each Score
Percentile by Number Answered
Your Score History
You have not taken this quiz